| 000 | 00624nam a2200181Ia 4500 | ||
|---|---|---|---|
| 008 | 090123s9999 xx 000 0 und d | ||
| 082 | _b17050 | ||
| 100 | _aकुलकर्णी व.दि. | ||
| 245 | _aसाहित्य रुप आणि गंध | ||
| 250 | _a1 | ||
| 260 |
_bमॅजेस्टिक प्रकाशन _c1976 |
||
| 300 | _a148 | ||
| 600 | _aकुलकर्णी व.दि. | ||
| 630 | _aसाहित्य रुप आणि गंध | ||
| 700 | _aकुलकर्णी व.दि. | ||
| 730 | _aसाहित्य रुप आणि गंध | ||
| 942 | _cBOOK | ||
| 999 |
_c55110 _d55110 |
||